| 000 | 01068cam a2200253 4500 | ||
|---|---|---|---|
| 001 | WB3710-03 | ||
| 008 | 000000n2001 000 0 eng u | ||
| 035 | _a(Sirsi) u111305 | ||
| 245 | _aNew U-values announced | ||
| 260 | _c2001 | ||
| 490 |
_aDETR Press Release _v(pr120) 5 March 2001, (4) |
||
| 520 | _aThe DETR has published proposed performance standards for improving energy efficiency in buildings. Improved U-values are to form the centrepiece of the revised Part L of the Building Regulations. Consultation on the new draft is almost complete. It is likely to be published in full shortly after the consultation period for the revisions to Part E ends on 20 April 2001. | ||
| 590 | _aWB | ||
| 650 |
_aBUILDING REGULATIONS _96224 |
||
| 650 | _aENERGY CONSERVATION | ||
| 650 | _aENERGY EFFICIENCY | ||
| 650 | _aPART L | ||
| 650 | _aTHERMAL EFFICIENCY | ||
| 650 | _aU-VALUES | ||
| 650 | _aBUILT ENVIRONMENT-BUILDING ELEMENTS-COMPLETE BUILDING ELEMENTS-WALLS | ||
| 650 | _aDETR | ||
| 690 | _aBUILT ENVIRONMENT-BUILDING STANDARDS | ||
| 942 | _n0 | ||
| 999 |
_c66325 _d66325 |
||